01487nam a2200277 a 4500001001000000005001700010008004100027041000800068044000700076084002600083100004500109245008100154260003800235300001700273440003200290500016800322500009900490500031200589500006000901500001100961650005200972650005601024650003401080650004501114740005001159BRCA_236120190320203756.0061108s1905----sp-#---###---#000-0#spa-u aspa asp a002b.T65c1905 F16051 aCervantes Saavedra, Miguel ded1547-161610aEl Ingenioso Hidalgo Don Quixote de la ManchacMiguel de Cervantes Saavedra. aBarcelonabToledano Lópezc1905 a2 v.c18 cm. 0aEnciclopedia literarianvii aContenido : v 1. Primera parte. Tasa. Testimonio de erratas. Privilegio. Dedicatoria del autor al Duque de Béjar. Prólogo del autor. Versos preliminares. Texto aFacsímil de : El ingenioso hidalgo Don Quixote de la Mancha. Madrid: Juan de la Cuesta, 1605 aFacsímil de la primera parte de la edición príncipe. Editado por Librería Científico-Literaria Toledano López, Barcelona, el año de 1905. Forma parte de la colección: Enciclopedia Literaria, t. vii. Ejemplar bellamente encuadernado en semipiel, con letras y florones dorados Lúdovik Osterc aExistencias : El ejemplar descrito carece del volumen 2 aQM113214aNovela españolayÉpoca clásica, 1500-170014aLiteratura españolayÉpoca clásica, 1500-170014aNovela españolaySiglo XVII14aDon Quijote (Personaje ficticio)eNovela0 aEl Ingenioso Hidalgo Don Quijote de la Mancha